000 01099nam a2200337 i 4500
001 000002327
003 DO-SdBNP
005 20240905135643.0
007 ta
008 090701s1999 sp 000 d spa d
020 _a8486168279
040 _aDO-SdBNP
_bspa
_cBNPHU
_erda
041 _aspa
082 4 _a463.1
_bM385d
_222
100 1 _aMartínez Sousa, José de,
_97398
_eautor
_4aut.
245 1 0 _aDiccionario de ortografía técnica /
_cJosé Martínez de Sousa.
250 _aPrimera reimpresión
264 4 _aMadrid :
_bFundación Germán Sánchez Ruipérez,
_c©1999.
300 _a421 páginas ;
_c22 cm.
336 _2rdacontent
_atexto
_btxt
337 _2rdamedia
_asin mediación
_bn
338 _2rdacarrier
_avolumen
_bnc
490 0 _aBiblioteca del libro ;
_v16
500 _aIncluye îndice alfabético
504 _aBibliografía : páginas 399-405
590 _aInventariado, 2024/BT
650 7 _aEspañol
_xOrtografía
_vDiccionarios
_97399
710 2 _aFundación Germán Sánchez Ruipérez
_97765
910 _aValidado. Control de calidad MFF
942 _2ddc
_cLBS1
999 _c2172
_d2172